El dolor en ginecología / (Record no. 147628)

MARC details
000 -LEADER
campo de control de longitud fija 00707nam a2200217 i 4500
001 - NÚMERO DE CONTROL
campo de control 147628
003 - IDENTIFICADOR DE NÚMERO DE CONTROL
campo de control ES-MaACL
005 - FECHA Y HORA DE LA ÚLTIMA TRANSACCIÓN
campo de control 20250817021825.0
007 - CAMPO FIJO DE DESCRIPCIÓN FÍSICA--INFORMACIÓN GENERAL
campo de control de longitud fija t|
008 - DATOS DE LONGITUD FIJA--INFORMACIÓN GENERAL
campo de control de longitud fija 071004s1957 sp ||||1| spa d
080 ## - NÚMERO DE LA CLASIFICACIÓN DECIMAL UNIVERSAL
Número de la Clasificación Decimal Universal 618-009.7(02)
100 1# - ENTRADA PRINCIPAL--NOMBRE DE PERSONA
Nombre de persona Usandizaga, Manuel.
9 (RLIN) 112292
245 13 - MENCIÓN DEL TÍTULO
Título El dolor en ginecología /
Mención de responsabilidad, etc. por Manuel Usandizaga..., Emilio Gil Vernet... y Emilio Molinero.
260 ## - PUBLICACIÓN, DISTRIBUCIÓN, ETC.
Lugar de publicación, distribución, etc. Barcelona :
Nombre del editor, distribuidor, etc. Vergara,
Fecha de publicación, distribución, etc. [1957]
300 ## - DESCRIPCIÓN FÍSICA
Extensión XII, 198 p. :
Otras características físicas il. ;
Dimensiones 25 cm.
650 14 - PUNTO DE ACCESO ADICIONAL DE MATERIA--TÉRMINO DE MATERIA
Término de materia o nombre geográfico como elemento de entrada Aparato genital femenino-
Subdivisión general Enfermedades.
9 (RLIN) 9910
700 1# - ENTRADA AGREGADA--NOMBRE PERSONAL
Nombre de persona Gil Vernet, Emilio,
Fechas asociadas al nombre 1905-1981
9 (RLIN) 56886
700 1# - ENTRADA AGREGADA--NOMBRE PERSONAL
Nombre de persona Molinero, Emilio.
9 (RLIN) 81997
852 ## - LOCALIZACIÓN
Ubicación ES-MaACL
Número de control de estantería C-13001
Sublocalización o colección R.40752
Holdings
Estatus retirado Estado de pérdida Estado de daño No para préstamo Biblioteca de origen Biblioteca actual Ubicación en estantería Fecha de adquisición Fuente de adquisición Total de préstamos Signatura topográfica completa Código de barras Visto por última vez Precio de reemplazo Tipo de ítem Koha
        Biblioteca del Ateneo de Madrid Biblioteca del Ateneo de Madrid Sala Palomar 17/01/2008     C-13001 1154064 23/02/2023 23/02/2023 Libro impreso